000 01174nam a2200313 i 4500
003 DO-SdBNP
005 20260421081904.0
007 ta
008 260421b2011 dr ac||| |||| 00| 0 spa d
020 _a9789945447606
040 _aDO-SdBNP
_bspa
_cBNPHU
_erda
041 _aspa
082 4 _axxx
_bxxx
_222
100 1 _aCéspedes, Diógenes,
_d1941-
_eautor
_4aut.
_920548
245 1 3 _aEl sujeto dominicano :
_bestudios acerca de su especificidad /
_cDiógenes Céspedes
250 _aprimera edición
264 1 _aSanto Domingo :
_bEditora Universitaria,
_c2011.
300 _a497 páginas :
_bilustraciones, retratos ;
_c21 cm.
336 _atexto
_btxt
_2rdacontent
337 _asin mediación
_bn
_2rdamedia
338 _avolumen
_bnc
_2rdacarrier
490 1 _aPublicaciones de la Universidad Autónoma de Santo Domingo
_v1505
490 1 _aColección Estudios y Sociedad
_v33
500 _aIncluye datos biográficos del autor en la solapa de la cubierta
590 _aInventariado, 2026/BT
830 0 _aPublicaciones de la Universidad Autónoma de Santo Domingo
_v1505
_nColección Estudios y Sociedad
_p33
_989374
910 _aBtavárez
942 _2ddc
_cLBS1
999 _c60589
_d60589